| 000 | 00676nam a2200121Ia 4500 | ||
|---|---|---|---|
| 008 | 220620s9999||||xx |||||||||||||| ||und|| | ||
| 245 | 0 |
_aDevelopment, Social Change and Environmental Sustainability _bProceedings of the International Conference on Contemporary Sociology and Educational Transformation (ICCSET 2020), Malang, Indonesia, 23 September 2020 |
|
| 546 | _aEnglish[eng] | ||
| 650 | _acontemporary sociology;social sciences | ||
| 700 | _aSumarmi, Nanda Harda Pratama Meiji||Purwasih, Joan Hesti Gita||Kodir, Abdul||Andriesse, Edo||Dorina Camelia, Ilies||Miichi, Ken | ||
| 856 | _uhttps://library.oapen.org/bitstream/20.500.12657/49616/1/9781000433715.pdf | ||
| 942 | _cEB | ||
| 999 |
_c31650 _d31650 |
||